Drama in performance (Record no. 984)

MARC details
000 -LEADER
fixed length control field 00280nam a2200109 4500
082 ## - DEWEY DECIMAL CLASSIFICATION NUMBER
Classification number 792
Item number WIL
100 ## - MAIN ENTRY--PERSONAL NAME
Personal name Williams, Raymond
245 ## - TITLE STATEMENT
Title Drama in performance
Statement of responsibility, etc. Raymond Williams
260 ## - PUBLICATION, DISTRIBUTION, ETC.
Place of publication, distribution, etc. London
Name of publisher, distributor, etc. C.A.Watt
Date of publication, distribution, etc. 1968
300 ## - PHYSICAL DESCRIPTION
Extent x,198p.:ill., 24cm.-
490 ## - SERIES STATEMENT
Series statement New thinkers library
Holdings
Withdrawn status Lost status Damaged status Not for loan Collection code Home library Current library Date acquired Total Checkouts Total Renewals Full call number Barcode Date last seen Date last checked out Price effective from Koha item type
          North Eastern Hill University North Eastern Hill University 18/11/2011 5 1 792 WIL 48372 31/05/2018 31/05/2018 18/11/2011 Books
        ENGLISH North Eastern Hill University North Eastern Hill University 18/11/2011     792 WIL A2399 18/11/2011   18/11/2011 Books